Sử sụng các phương pháp địa vật lý để nghiên cứu môi trường : Luận văn thạc sĩ Vật lý. Chuyên ngành Vật lý kỹ thuật

Đề tài trình bày tổng quan về các phương pháp địa vật lý thông dụng, trình bày kết quả trong việc xử lý và phân tích tài liệu thăm dò điện, đánh giá tính hiệu quả và kiến nghị việc sử dụng các phương pháp trong điều kiện đặc thù ở nu...

ver descrição completa

Na minha lista:
Detalhes bibliográficos
Autor principal: Nguyễn, Thị Phương Nhẫn
Formato: Livro
Idioma:Undetermined
Publicado em: Cần Thơ Trường Đại học Cần Thơ 2010
Assuntos:
Tags: Adicionar Tag
Sem tags, seja o primeiro a adicionar uma tag!
Thư viện lưu trữ: Trung tâm Học liệu Trường Đại học Cần Thơ
LEADER 01243nam a2200217Ia 4500
001 CTU_162230
008 210402s9999 xx 000 0 und d
082 |a 530.8 
082 |b Nh121 
088 |a 60440103 
100 |a Nguyễn, Thị Phương Nhẫn 
245 0 |a Sử sụng các phương pháp địa vật lý để nghiên cứu môi trường : 
245 0 |b Luận văn thạc sĩ Vật lý. Chuyên ngành Vật lý kỹ thuật 
245 0 |c Nguyễn Thị Phương Nhẫn ; Nguyễn Ngọc Thu ( hướng dẫn khoa học ) 
260 |a Cần Thơ 
260 |b Trường Đại học Cần Thơ 
260 |c 2010 
520 |a Đề tài trình bày tổng quan về các phương pháp địa vật lý thông dụng, trình bày kết quả trong việc xử lý và phân tích tài liệu thăm dò điện, đánh giá tính hiệu quả và kiến nghị việc sử dụng các phương pháp trong điều kiện đặc thù ở nước ta. 
650 |a Physical measurements,Phép đo vật lý 
904 |i Trọng Hải 
980 |a Trung tâm Học liệu Trường Đại học Cần Thơ